Получение магнезиальных вяжущих веществ на основе цеолитовых пород; Химия и химическая технология в XXI веке; Т. 1

書誌詳細
Parent link:Химия и химическая технология в XXI веке: материалы XII Всероссийской научно-практической конференции студентов и молодых ученых с международным участием, Томск, 11-13 мая 2011 г./ Национальный исследовательский Томский политехнический университет (ТПУ), Институт природных ресурсов (ИПР).— , 2011
Т. 1.— 2011.— [С. 56-57]
第一著者: Колбасюк Ю. А.
その他の著者: Эрдман С. В. Светлана Владимировна (научный руководитель)
要約:Заглавие с титульного листа
Электронная версия печатной публикации
言語:ロシア語
出版事項: 2011
シリーズ:Секция 1. Химия и химическая технология неорганических веществ и материалов
主題:
オンライン・アクセス:http://www.lib.tpu.ru/fulltext/v/Conferences/2011/C5/C5a29.pdf
フォーマット: 電子媒体 図書の章
KOHA link:https://koha.lib.tpu.ru/cgi-bin/koha/opac-detail.pl?biblionumber=208287

MARC

LEADER 00000naa2a2200000 4500
001 208287
005 20260218153225.0
035 |a (RuTPU)RU\TPU\book\227386 
035 |a RU\TPU\book\227377 
090 |a 208287 
100 |a 20120202d2011 k y0rusy50 ca 
101 0 |a rus 
102 |a RU 
135 |a drnn ---uucaa 
181 0 |a i  
182 0 |a b 
200 1 |a Получение магнезиальных вяжущих веществ на основе цеолитовых пород  |f Ю. А. Колбасюк  |g науч. рук. С. В. Эрдман 
203 |a Текст  |c электронный 
215 |a 1 файл (397 Кб) 
225 1 |a Секция 1. Химия и химическая технология неорганических веществ и материалов 
300 |a Заглавие с титульного листа 
300 |a Электронная версия печатной публикации 
337 |a Adobe Reader 
461 1 |0 (RuTPU)RU\TPU\book\218704  |t Химия и химическая технология в XXI веке  |o материалы XII Всероссийской научно-практической конференции студентов и молодых ученых с международным участием, Томск, 11-13 мая 2011 г.  |o в 2 т.  |f Национальный исследовательский Томский политехнический университет (ТПУ), Институт природных ресурсов (ИПР)  |d 2011 
463 1 |0 (RuTPU)RU\TPU\book\218882  |t Т. 1  |v [С. 56-57]  |d 2011 
610 1 |a магнезиальные вяжущие вещества 
610 1 |a получение 
610 1 |a цеолитовые породы 
610 1 |a природные цеолиты 
610 1 |a использование 
610 1 |a труды учёных ТПУ 
610 1 |a электронный ресурс 
700 1 |a Колбасюк  |b Ю. А. 
702 1 |a Эрдман  |b С. В.  |c химик-технолог  |c доцент Томского политехнического университета, кандидат технических наук  |f 1966-  |g Светлана Владимировна  |3 (RuTPU)RU\TPU\pers\29192  |4 727 
801 1 |a RU  |b 63413507  |c 20120118 
801 2 |a RU  |b 63413507  |c 20130218  |g RCR 
856 4 |u http://www.lib.tpu.ru/fulltext/v/Conferences/2011/C5/C5a29.pdf 
942 |c CF